| 000 | 00776nam a22002057a 4500 | ||
|---|---|---|---|
| 999 |
_c328762 _d328762 |
||
| 003 | Nust | ||
| 005 | 20190808044730.0 | ||
| 008 | 170416b xxu||||| |||| 00| 0 eng d | ||
| 038 | _aArshad | ||
| 040 | _cNust | ||
| 082 |
_a297 _bNAI |
||
| 100 |
_aNaik, Zakir _917055 |
||
| 245 |
_aAalam islam ke azeem mubalagh doctor Zakr Naik : _bkhutbaat o munazray/ _ctalkhees o editing Naseer Ahmed Chohan |
||
| 260 |
_aLahore: _bDua Publication, _c2008 |
||
| 300 | _a516 p. | ||
| 650 |
_aSpeeches _919181 |
||
| 880 |
_6245-02\r _aعالم اسلام کے عظیم مبلغ ڈاکٹر ذاکر نائیک _bخطبات و مناظرے _cتلخیص و ایڈیٹنگ: نصیر احمد چوہان |
||
| 880 |
_6260-03\r _aلاہور: _bدعا پبلی کیشنز، _c2008 |
||
| 942 |
_2ddc _cBK |
||